The Heath handbook / (Record no. 14615)

000 -LEADER
fixed length control field 00524nam a2200193Ia 4500
020 ## - INTERNATIONAL STANDARD BOOK NUMBER
ISBN 0669178594
020 ## - INTERNATIONAL STANDARD BOOK NUMBER
ISBN 9780669178593
040 ## - CATALOGING SOURCE
Transcribing agency NIU
082 #4 - DEWEY DECIMAL CLASSIFICATION NUMBER
Classification number 808 DCH 1990 A097 Or.
100 1# - MAIN ENTRY--AUTHOR NAME
Personal name Mulderig, Gerald P.
245 14 - TITLE STATEMENT
Title The Heath handbook /
250 ## - EDITION STATEMENT
Edition statement 12th ed.
260 ## - PUBLICATION, DISTRIBUTION, ETC. (IMPRINT)
Place of publication Lexington, Mass. :
Name of publisher D.C. Heath and Co.,
Year of publication c1990.
300 ## - PHYSICAL DESCRIPTION
Number of Pages xxviii, 771 p. ;
Dimensions 22 cm.
500 ## - GENERAL NOTE
General note Elsbree's name appears first in the previous ed.
650 #0 - SUBJECT ADDED ENTRY--TOPICAL TERM
Topical Term English language
700 1# - ADDED ENTRY--PERSONAL NAME
Personal name Elsbree, Langdon.
942 ## - ADDED ENTRY ELEMENTS (KOHA)
Koha item type សៀវភៅភាសាអង់គ្លេស
952 ## - LOCATION AND ITEM INFORMATION (KOHA)
Withdrawn status [LOCAL, KOHA] 0
Holdings
Permanent Location Date acquired Koha item type Lost status Shelving location Barcode Current Location Full call number
Library Block A2017-10-20សៀវភៅភាសាអង់គ្លេស A097A06646Library Block A808 DCH 1990 A097 Or.
មជ្ឈមណ្ឌលឯការនៃសាកលវិទ្យាល័យភូមិន្ទកសិកម្មចំការដូង

Powered by Koha